=LDR 00000nam 2200000 4500 =001 INLIS000000000027980 =005 20200702083539 =035 ##$$a 0010-061300000027980 =008 200702################g##########0#ind## =041 ##$$a ind =082 ##$$a 2x5 =090 ##$$a 2x5, ALG p =100 ##$$a Ghazali Al =245 1#$$a Peringatan bagi penguasa : $b Agar kekuasaan tidak menjadi korup /$c Al-Ghazali, Syirkah Al-Thaba'ah Al- Fanniyah Al-Mutahidah; Penerjemah, Ahmadie thaha, Ilyah ismail; Penyunting, Zainal abidin =260 ##$$a Jakarta :$b Hikmah,$c 2000 =300 ##$$a xxviii, 200 hlm ; $c 13 x 21 cm =650 #4$$a Islam =650 #4$$a Aspek Negara =850 ##$$a NBPNMAT =084 ##$$a 2x5 ALM p =250 ##$$a Cet. 1 =504 ##$$a Indek : hlm. 195 - 200 =700 #$$a Almutahidah,Syirkah Al-Thaba'ah Al-Fanniyah =990 ##$$a 163.300/Pro.2001 =990 ##$$a 163. 299/Pro- 2001 =990 ##$$a 163.297/Pro-2001 =990 ##$$a 163.301/Pro-2001